000
00293nam a22001337a 4500
041
_a
ENG
100
_a
Das.M.N
245
_a
Desingn And Analysis of Experiments
250
_a
Second Edition
260
_a
New Age
_b
Internahonal
_c
1997
300
_a
488
650
_a
Phiges
856
_u
Phiges
999
_c
442
_d
442